Intermediate geometry / (Record no. 8937)
[ view plain ]
| 000 -LEADER | |
|---|---|
| fixed length control field | 00543nam a22002172 4500 |
| 001 - CONTROL NUMBER | |
| JCCL Control Number | 8937 |
| 003 - CONTROL NUMBER IDENTIFIER | |
| JCCL marc code | BD - JhCC |
| 005 - DATE AND TIME OF LATEST TRANSACTION | |
| control field | 20180712121126.0 |
| 008 - FIXED-LENGTH DATA ELEMENTS--GENERAL INFORMATION | |
| fixed length control field | 910430s1951 enka 000 0 eng d |
| 035 ## - SYSTEM CONTROL NUMBER | |
| system control number | (BD - JhCC)8937 |
| 040 ## - CATALOGING SOURCE | |
| Original cataloging agency | FDA |
| Transcribing agency | FDA |
| Modifying agency | UKM |
| -- | EQO |
| -- | BD - JhCC |
| 041 ## - LANGUAGE CODE | |
| Language code of Book | eng |
| 082 ## - DEWEY DECIMAL CLASSIFICATION NUMBER | |
| Author mark and Year | HAQ 1951 |
| Classification number | 516 |
| 100 1# - MAIN ENTRY--PERSONAL NAME | |
| Personal name | Haq, A. K. M. |
| 245 10 - TITLE STATEMENT | |
| Title | Intermediate geometry / |
| Statement of responsibility, etc | A. K. M. Haq |
| 260 ## - PUBLICATION, DISTRIBUTION, ETC. (IMPRINT) | |
| Place of publication, distribution, etc | London : |
| Name of publisher, distributor, etc | Macmillan, |
| Date of publication, distribution, etc | 1951. |
| 300 ## - PHYSICAL DESCRIPTION | |
| Pagination | 284 p. |
| Other physical details | diagrs. |
| Dimensions | 19 cm |
| 650 #0 - SUBJECT ADDED ENTRY--TOPICAL TERM | |
| Topical term or geographic name as entry element | Geometry. |
| 942 ## - ADDED ENTRY ELEMENTS (KOHA) | |
| Source of classification or shelving scheme | Dewey Decimal Classification |
| Koha item type | Books |
| Source of classification or shelving scheme | Damaged status | Not for loan | Home library | Current library | Shelving location | Total Checkouts | Full call number | Barcode | Date last seen | Copy number | Koha item type |
|---|---|---|---|---|---|---|---|---|---|---|---|
| Dewey Decimal Classification | JCC Rouf Library | JCC Rouf Library | General Stacks | 516 HAQ 1951 | 11876 | 03/05/2018 | C - 1 | Books |